(The) Intel microprocessor 8086 / 8088 (Record no. 1558)

MARC details
000 -LEADER
Fixed length control field 00533nam a2200193 4500
003 - CONTROL NUMBER IDENTIFIER
Control field SEACOMEC
005 - DATE AND TIME OF LATEST TRANSACTION
Control field 20241203124001.0
008 - FIXED-LENGTH DATA ELEMENTS--GENERAL INFORMATION
Fixed length control field 231017b |||||||| |||| 00| 0 eng d
020 ## - INTERNATIONAL STANDARD BOOK NUMBER / ISBN
Price Rs.495.00
International Standard Book Number 9788131726228
040 ## - CATALOGING SOURCE
Original cataloging agency SEACOMEC
082 1# - DEWEY DECIMAL CLASSIFICATION NUMBER
Classification number 004.16
Book Number B848
100 ## - MAIN ENTRY--PERSONAL NAME
Personal name Bray,barry B.
245 14 - TITLE STATEMENT
Title (The) Intel microprocessor 8086 / 8088
Statement of responsibility ,Barry B. Bray
250 ## - EDITION STATEMENT
Edition statement 7th ed.
260 ## - IMPRINT
Place of publication New Delhi
Name of publisher Pentice hall
Date of publication 2006, 2007
650 ## - SUBJECT ADDED ENTRY--TOPICAL TERM
Topical term Computer science, *Personal computers
700 ## - ADDED ENTRY--PERSONAL NAME
Personal name Barry B. Brey
942 ## - ADDED ENTRY ELEMENTS (KOHA)
Koha item type Books
Holdings
Withdrawn status Lost status Source of classification Damaged status Not for loan Home library Current library Date acquired Total Checkouts Call number Accession number Date last seen Price effective from Koha item type Copy number
    Dewey Decimal Classification     SEACOM ENGINEERING COLLEGE SEACOM ENGINEERING COLLEGE 08/05/2007   004.16 B848 6661 09/08/2024 09/08/2024 Books  
    Dewey Decimal Classification     SEACOM ENGINEERING COLLEGE SEACOM ENGINEERING COLLEGE 08/05/2007   004.16 B848 6662 09/08/2024 09/08/2024 Books 1
    Dewey Decimal Classification     SEACOM ENGINEERING COLLEGE SEACOM ENGINEERING COLLEGE 08/05/2007   004.16 B848 6663 09/08/2024 09/08/2024 Books 2
    Dewey Decimal Classification     SEACOM ENGINEERING COLLEGE SEACOM ENGINEERING COLLEGE 08/05/2007   004.16 B848 6664 09/08/2024 09/08/2024 Books 3
    Dewey Decimal Classification     SEACOM ENGINEERING COLLEGE SEACOM ENGINEERING COLLEGE 08/05/2007   004.16 B848 6665 09/08/2024 09/08/2024 Books 4
    Dewey Decimal Classification     SEACOM ENGINEERING COLLEGE SEACOM ENGINEERING COLLEGE 03/04/2008   004.16 B848 10609 03/12/2024 03/12/2024 Books 5
    Dewey Decimal Classification     SEACOM ENGINEERING COLLEGE SEACOM ENGINEERING COLLEGE 03/04/2008   004.16 B848 10610 03/12/2024 03/12/2024 Books 6
    Dewey Decimal Classification     SEACOM ENGINEERING COLLEGE SEACOM ENGINEERING COLLEGE 03/04/2008   004.16 B848 10611 03/12/2024 03/12/2024 Books 7
    Dewey Decimal Classification     SEACOM ENGINEERING COLLEGE SEACOM ENGINEERING COLLEGE 03/04/2008   004.16 B848 10612 03/12/2024 03/12/2024 Books 8
    Dewey Decimal Classification     SEACOM ENGINEERING COLLEGE SEACOM ENGINEERING COLLEGE 03/04/2008   004.16 B848 10613 03/12/2024 03/12/2024 Books 9
    Dewey Decimal Classification     SEACOM ENGINEERING COLLEGE SEACOM ENGINEERING COLLEGE 03/04/2008   004.16 B848 10614 03/12/2024 03/12/2024 Books 10
    Dewey Decimal Classification     SEACOM ENGINEERING COLLEGE SEACOM ENGINEERING COLLEGE 03/04/2008   004.16 B848 10615 03/12/2024 03/12/2024 Books 11
    Dewey Decimal Classification     SEACOM ENGINEERING COLLEGE SEACOM ENGINEERING COLLEGE 03/04/2008   004.16 B848 10616 03/12/2024 03/12/2024 Books 12
    Dewey Decimal Classification     SEACOM ENGINEERING COLLEGE SEACOM ENGINEERING COLLEGE 03/04/2008   004.16 B848 10617 03/12/2024 03/12/2024 Books 13
    Dewey Decimal Classification     SEACOM ENGINEERING COLLEGE SEACOM ENGINEERING COLLEGE 03/04/2008   004.16 B848 10618 03/12/2024 03/12/2024 Books 14
© Seacom Engineering College, All rights reserved.      Powered by Koha